000 01141nam0a2200325 4500
001 RU\NLR\bibl\6809
005 20260406151437.0
021 _aRU
_b98-6596
_9316
035 _a(NLR Aleph) 000006631
090 _a19841
_c19841
100 _a19981103d1998 |||y0rusy50 ca
101 0 _arus
102 _aRU
105 _ay |||||||||
200 1 _aАзазель
_e[Первое дело сыщика Эраста Петровича Фандорина
_eРоман]
_fБ. Акунин
210 _aМ.
_cЗахаров
_d1998
215 _a270 с.
_d21
225 1 _aДетектив для разборчивого читателя
300 _aНа 4-й с. обл. авт.: Б. Акунин - псевд.
333 _a18+
686 _aШ6(2=Р)75-446
700 1 _4070
_8rus
_7ca
_aАкунин
_bБ.
_gБорис
_f1956-
_3RU\NLR\auth\775367
_9115331
801 0 _aRU
_bNLR
_c19981103
_gPSBO
801 1 _aRU
_bNLR
_c19981103
852 _aNLR
_j98-3/2787
942 _cBOOK
980 _aNB
980 _aIA
996 _aиноагент
_bp
_cЧхартишвили Григорий Шалвович